Musical Genius #2 - Statistics

General Stats
  • This quiz has been taken 25 times
  • The average score is 4 of 15
Answer Stats
Hint Answer % Correct
In what year did Justin Timberlake's "Sexy back" hit big on radio stations all over the world? 2006
74%
This major rock band was considered one of the most hated bands ever after their hit song "How you remind me" was played every 30 minutes on the radio in 2001-2002 Nickelback
74%
Who sings "Tainted Love?" Soft Cell
52%
The song "Georgia on my mind" was recorded by which famous 60's artist? Ray Charles
48%
Which early 2000's streaming service allowed you to download and play music for free? This streaming service was later shut down by the government. Napster
43%
What movie was the song "Heathens" by Twenty one Pilots a part of? Suicide Squad
43%
This artist was blasted by the general media for his music video including him giving the devil a lap dance Lil Nas X
30%
This famous pop artist responded to "Eminem's" name being mentioned with "Whatever" at an award show in the early 2000's Christina Aguilera
22%
Kendrick Lamar's song "Love" features what widely unknown artist Zacari
17%
The song "Tainted Love" was sampled in what hit song from Rihanna? SOS
13%
Who was the second feature? Alessia Cara
9%
University of South Carolina Football team runs out to what electric song? Sandstorm
9%
Smash hit "1-800" by Logic was originally written for which 2010's Pop group? Chainsmokers
4%
Who was the first feature in this song? Khalid
4%
Which artist stated "It ain't tricking if you got it" in his 2008 hit "Whatever you like" T.I.
0%
No matching quizzes found
Score Distribution
Percent of People with Each Score
Percentile by Number Answered
Your Score History
You have not taken this quiz